000 01008nam a22002657a 4500
001 6915
003 FISKH
005 20250723145037.0
008 250606b cb ||||| |||| 00| 0 eng d
020 _a9780545430753
040 _aFISKH
_beng
_cFISKH
_dFISKH
050 _aPZ7
082 _a523.8
100 _aEvans, Lynette
245 _aSuper stars :
_bInvestigate for the sky /
_cby Lynette Evans
260 _aNew York :
_bScholastic,
_c2011.
300 _a28 pages :
_bcolor illustrations ;
_c22 cm
505 _aN
520 _aInvestigate the Sky: Super Stars addresses these essential questions: Why does the sun, our star, blaze so big and bright by day? What do day, night, and the seasons have to do with the sun? What star shapes can we see in the night sky? Why does it matter that Earth is not too close or too far from the sun?
521 8 _a570
_bLexile IG
521 8 _aN
_bRaz-Plus
650 _aOuter space
_vStars
_xScience
942 _2ddc
_cBK
_n0
999 _c6915
_d6915